Topographic Map of Oreor, Republic of Palau, Caroline Islands, Scale 1:25 000, 1983.

Bibliographic Details
Corporate Author: Geological Survey (U.S.)
Format: Government Document Map
Language:English
Published: [Place of publication not identified] : [publisher not identified], [1999?]

MARC

Tag First Indicator Second Indicator Subfields
LEADER 00000cem a22000007a 4500
001 in00000002273
005 20151007050906.0
008 990308s1999 xxu f000 0 eng d
035 |a (OCoLC) 
035 |a tmp97143372 
035 |9 AJF3163AM 
040 |a MvI  |c MvI  |d UtOrBLW 
049 |a MAPS 
074 |a 0619-H-53 
086 0 |a I 19.102/53:70134-A 6-ST-025/983 
245 0 0 |a Topographic Map of Oreor, Republic of Palau, Caroline Islands, Scale 1:25 000, 1983. 
264 1 |a [Place of publication not identified] :  |b [publisher not identified],  |c [1999?] 
336 |a cartographic image  |b cri  |2 rdacontent 
337 |a unmediated  |b n  |2 rdamedia 
338 |a unspecified  |b zu  |2 rdacarrier 
500 |a Shipping List #: 99-0018-S 
500 |a Shipping List Date: 02/10/99 
500 |a Cartographic material. 
710 2 |a Geological Survey (U.S.) 
999 |a MARS 
999 f f |s f7bb63bf-3517-3ea1-8bc1-d8572260d1ac  |i 824c668c-cbeb-3099-bd9b-6d8544c756d8  |t 0 
952 f f |p noncirc  |a Texas A&M University  |b College Station  |c Sterling C. Evans Library  |d Evans: Maps (2nd floor)  |t 0  |e G 9425.C1 s24.U5  |h Library of Congress classification  |i unspecified -- unspecified  |m A14824480253 
998 f f |a G 9425.C1 s24.U5  |t 0  |l Evans: Maps (2nd floor)